How to train your dragon: Dragons - Statistics

General Stats
  • This quiz has been taken 32 times
  • The average score is 30 of 92
Answer Stats
Picture Answer % Correct
Lightfury
89%
Changewing
78%
Nightfury
67%
Screaming Death
67%
Speed stinger
67%
Thunderdrum
67%
Whispering death
67%
Bewilderbeast
61%
Boneknapper
61%
Deathsong
61%
Gronckle
61%
Monstrous nightmare
61%
Catastrophic quaken
56%
Deadly nadder
56%
Fireworm
56%
Fireworm queen
56%
Hideous Zippleback
56%
Razorwhip
56%
Red Death
56%
Terrible terror
56%
Night terror
50%
Rumblehorn
50%
Scauldron
50%
Singetail
50%
Skrill
50%
Slitherwing
50%
Triple Stryke
50%
Dramillion
44%
Flightmare
44%
Seashocker
44%
Stormcutter
44%
Buffalord
39%
Cavern Crasher
39%
Sentinel
39%
Smothering Smokebreath
39%
Snaptrapper
39%
Snow Wraith
39%
Timberjack
39%
Armorwing
33%
Deathgripper
33%
Eruptodon
33%
Foreverwing
33%
Hotburple
33%
Purple Death
33%
Shellfire
33%
Submaripper
33%
Typhoomerang
33%
Crimson goregutter
28%
Sandbuster
28%
Sand Wraith
28%
Woolly Howl
28%
Groncicle
22%
Hobgobbler
22%
Large Shadow Wing
22%
Lycanwing
22%
Raincutter
22%
Small shadow wing
22%
Stinger
22%
Sweet Death
22%
Thunderpede
22%
Devilish dervish
17%
Hackatoo
17%
Scuttleclaw
17%
Shovelhelm
17%
Snafflefang
17%
Thunderclaw
17%
Egg biter
11%
Fathomfin
11%
Flame whipper
11%
Grapple grounder
11%
Grimora
11%
Hobblegrunt
11%
Luminous Krayfin
11%
Ripwrecker
11%
Shivertooth
11%
Shockjaw
11%
Silkspanner
11%
Silver phantom
11%
Sliquifier
11%
Sword Stealer
11%
Tide Glider
11%
Windgnasher
11%
Windwalker
11%
Gobsucker
6%
Grim gnasher
6%
Moldruffle
6%
Mudraker
6%
Prickleboggle
6%
Snifflehunch
6%
Thornridge
6%
Threadtail
6%
Windstriker
6%
No matching quizzes found
Score Distribution
Percent of People with Each Score
Percentile by Number Answered
Your Score History
You have not taken this quiz